| 000 | 00793nam a2200229 i 4500 | ||
|---|---|---|---|
| 001 | 105890 | ||
| 003 | ES-MaACL | ||
| 005 | 20230906184012.0 | ||
| 007 | t| | ||
| 008 | 060907s1967 fr ||||1| spa d | ||
| 080 | _a946"1936/39"(093.32) | ||
| 100 | 1 |
_aQuintanilla, Luis. _994698 |
|
| 245 | 1 | 4 |
_aLos rehenes del Alcázar de Toledo _b: contribución a la historia de la guerra civil española / _cLuis Quintanilla. |
| 260 |
_a[Paris] : _bRuedo Ibérico, _c[1967] |
||
| 300 |
_a156 p. : _bil. ; _c18 cm. |
||
| 490 | 1 |
_aTestimonios ; _v2 |
|
| 610 | 2 | 7 |
_aAlcázar de Toledo- _ySitio, 1936- _vRelatos personales. _91327 |
| 710 | 2 |
_aÉditions Ruedo ibérico. _9145333 |
|
| 830 | 1 |
_aTestimonios ; _v2 _9179776 |
|
| 852 |
_aES-MaACL _jAND-864 _z- Biblioteca Juan Andrade |
||
| 999 |
_c105890 _d105890 |
||